Globalisation and Peri-urban transformation (Record no. 6052)
[ view plain ]
| 000 -LEADER | |
|---|---|
| fixed length control field | 00482nam a2200157Ia 4500 |
| 008 - FIXED-LENGTH DATA ELEMENTS--GENERAL INFORMATION | |
| fixed length control field | 230711s9999||||xx |||||||||||||| ||und|| |
| 041 ## - LANGUAGE CODE | |
| Language code of text/sound track or separate title | ENG |
| 082 ## - DEWEY DECIMAL CLASSIFICATION NUMBER | |
| Classification number | 711.2 |
| Item number | CH-G |
| 100 ## - MAIN ENTRY--PERSONAL NAME | |
| Personal name | Chatterji, Tathagata |
| 245 #0 - TITLE STATEMENT | |
| Title | Globalisation and Peri-urban transformation |
| Remainder of title | A comparative analysis of the governance characteristics of three Indian cities |
| 250 ## - EDITION STATEMENT | |
| Edition statement | 1st Ed. |
| 260 ## - PUBLICATION, DISTRIBUTION, ETC. | |
| Date of publication, distribution, etc. | 2017 |
| Place of publication, distribution, etc. | Ghaziabad |
| Name of publisher, distributor, etc. | Copal Publishing Group |
| 300 ## - PHYSICAL DESCRIPTION | |
| Extent | 267p. |
| 650 ## - SUBJECT ADDED ENTRY--TOPICAL TERM | |
| Topical term or geographic name entry element | Architecture |
| 942 ## - ADDED ENTRY ELEMENTS (KOHA) | |
| Koha item type | Book |
| Withdrawn status | Lost status | Damaged status | Not for loan | Collection | Home library | Current library | Shelving location | Date acquired | Total checkouts | Full call number | Barcode | Date last seen | Price effective from | Koha item type |
|---|---|---|---|---|---|---|---|---|---|---|---|---|---|---|
| MRSPTU Central Library | MRSPTU Central Library | 711.2 CH-G | 33200 | 08/17/2023 | 08/17/2023 | Book | ||||||||
| MRSPTU Central Library | MRSPTU Central Library | 711.2 CH-G | 33201 | 08/17/2023 | 08/17/2023 | Book |
